[Event "81st ch-ESP Rapid 2016"]
[Site "Linares ESP"]
[Date "2016.08.14"]
[Round "1.25"]
[White "Pardo Simon, David"]
[Black "Martinez Hernandez, Javier"]
[Result "1-0"]
[WhiteTitle "IM"]
[WhiteElo "2492"]
[BlackElo "1954"]
[WhiteFideId "2296276"]
[BlackFideId "2282127"]
[EventDate "2016.08.14"]

1. d4 Nf6 2. c4 g6 3. Nc3 Bg7 4. e4 O-O 5. Be2 d6 6. Be3 e5 7. Nf3 Nc6 8. d5 Ne7
9. Nd2 Ne8 10. f3 f5 11. b4 a5 12. a3 Nf6 13. Rc1 axb4 14. axb4 c5 15. bxc5 fxe4
16. cxd6 exf3 17. dxe7 1-0

[Event "81st ch-ESP Rapid 2016"]
[Site "Linares ESP"]
[Date "2016.08.14"]
[Round "1.26"]
[White "Redondo Benavente, Jose Carlos"]
[Black "Cruz Lledo, Pablo"]
[Result "0-1"]
[BlackTitle "FM"]
[WhiteElo "2206"]
[BlackElo "2414"]
[WhiteFideId "32010788"]
[BlackFideId "2297361"]
[EventDate "2016.08.14"]

1. e4 c6 2. Nc3 d5 3. Nf3 Bg4 4. h3 Bxf3 5. Qxf3 e6 6. d4 dxe4 7. Qxe4 Nf6 8.
Qd3 Bd6 9. Be2 Nbd7 10. O-O O-O 11. Bg5 Qc7 12. Bf3 h6 13. Bxf6 Nxf6 14. Ne4
Nxe4 15. Qxe4 Rfe8 16. c3 Rad8 17. Rad1 g6 18. Rfe1 Rd7 19. Rd3 Rde7 20. Rde3
Kg7 21. Qd3 c5 22. dxc5 Bxc5 23. R3e2 Rd8 24. Qe4 e5 25. Qc2 f5 26. Rd2 Rxd2 27.
Qxd2 e4 28. Bd1 Rd7 29. Qe2 Qf4 30. Rf1 Rd2 31. Qe1 Rxb2 32. Bb3 h5 33. c4 Qd2
34. Qxd2 Rxd2 35. g3 Kf6 36. h4 Ke5 37. Ba4 Rxa2 38. Be8 Kf6 39. Rd1 Bxf2+ 40.
Kg2 Bd4+ 41. Kh3 Be5 42. Rd7 Ra3 43. Rf7+ Ke6 44. Rh7 Rxg3+ 45. Kh2 a5 46. Bd7+
Kd6 47. Bb5 Kc5 48. Rxb7 f4 49. Re7 Kd4 50. Rd7+ Ke3 51. Re7 Bf6 52. Re6 Bxh4
53. Bc6 Kf2 54. Bxe4 Rg4 55. Rxg6 Bg3+ 0-1

[Event "81st ch-ESP Rapid 2016"]
[Site "Linares ESP"]
[Date "2016.08.14"]
[Round "1.27"]
[White "Sanchez Aller, Fernando"]
[Black "Sanz Wawer, Daniel"]
[Result "1/2-1/2"]
[WhiteTitle "FM"]
[WhiteElo "2281"]
[BlackElo "2014"]
[WhiteFideId "2222892"]
[BlackFideId "1185543"]
[EventDate "2016.08.14"]

1. e4 c5 2. Nf3 d6 3. d4 cxd4 4. Nxd4 Nf6 5. Nc3 g6 6. Be3 Bg7 7. f3 O-O 8. Bc4
Nc6 9. Bb3 Bd7 10. h4 h5 11. Qd2 Rc8 12. O-O-O Ne5 13. Bg5 Rc5 14. Kb1 b5 15. g4
hxg4 16. h5 Nxh5 17. Nd5 Re8 18. Rxh5 gxh5 19. Qh2 Rxd5 20. Bxd5 Qb6 21. Qxh5 e6
22. Bb3 gxf3 23. Nxf3 Qf2 24. Nxe5 Bxe5 25. Qg4 Qg3 26. Qxg3 Bxg3 27. Bf6 Kh7
28. e5 Bc6 29. exd6 Kg6 30. Be7 Rxe7 31. dxe7 Kf6 32. Rd3 Be5 33. Re3 Bd6 34.
Rh3 Kxe7 35. Kc1 Bc5 36. Kd2 f5 37. Rh6 Bd7 38. c3 f4 39. Ke2 Be3 40. Kd3 Bc1
41. Rh2 Kd6 42. Bd1 Bc6 43. b3 e5 44. Rh6+ Kc7 45. Bg4 e4+ 46. Kd4 f3 47. Rf6
Bg5 48. Rg6 Bh4 49. Ke3 Be1 50. Rg7+ Kb6 51. Rg6 Kc7 52. Rg7+ Kb6 53. Rg6 Kc7
54. Bf5 Kb6 55. Bg4 Kc7 56. Bf5 1/2-1/2

[Event "81st ch-ESP Rapid 2016"]
[Site "Linares ESP"]
[Date "2016.08.14"]
[Round "1.28"]
[White "Del Valle Rosas, Alfonso"]
[Black "Alvarado Diaz, Alejandro"]
[Result "0-1"]
[BlackTitle "IM"]
[WhiteElo "1919"]
[BlackElo "2441"]
[WhiteFideId "22221450"]
[BlackFideId "2276119"]
[EventDate "2016.08.14"]

1. Nf3 c5 2. g3 Nc6 3. Bg2 g6 4. O-O Bg7 5. c4 d6 6. Nc3 Bf5 7. d3 Qd7 8. Re1
Bh3 9. Bh1 h5 10. Ng5 h4 11. Nxh3 hxg3 12. hxg3 Qxh3 13. Bg2 Qh2+ 14. Kf1 Nf6
15. e3 O-O-O 16. Qa4 Ng4 17. Qb5 Rd7 18. Ne4 Qh5 19. a4 Nh2+ 20. Kg1 Nb8 0-1

[Event "81st ch-ESP Rapid 2016"]
[Site "Linares ESP"]
[Date "2016.08.14"]
[Round "1.29"]
[White "Suarez Uriel, Adrian"]
[Black "Domingo Nunez, Alejandro"]
[Result "1-0"]
[WhiteTitle "FM"]
[BlackTitle "FM"]
[WhiteElo "2311"]
[BlackElo "2344"]
[WhiteFideId "22230874"]
[BlackFideId "22245561"]
[EventDate "2016.08.14"]

1. e4 e6 2. d4 d5 3. Nd2 a6 4. c3 c5 5. Ngf3 Nc6 6. Bd3 cxd4 7. cxd4 dxe4 8.
Nxe4 Be7 9. O-O Nf6 10. b3 O-O 11. Re1 b5 12. Bb2 Nd5 13. Rc1 Bb7 14. Nc5 Qb6
15. Nd7 Qa5 16. Nxf8 Qxa2 17. Qc2 Ncb4 18. Bxh7+ Kxf8 19. Qb1 Qxb3 20. Ne5 Nf4
21. Be4 Nbd5 22. Bf3 Rd8 23. Qh7 Bf6 24. Rc2 Bxe5 25. Rxe5 Nd3 26. Rxd5 Bxd5 27.
Rc7 Rd7 28. Rxd7 Ke8 29. Rc7 Kd8 30. Rxf7 1-0

[Event "81st ch-ESP Rapid 2016"]
[Site "Linares ESP"]
[Date "2016.08.14"]
[Round "1.30"]
[White "Ordonez Torres, Maria Del Carmen"]
[Black "Martinez Reyes, Pedro Ramon"]
[Result "0-1"]
[BlackTitle "FM"]
[WhiteElo "1907"]
[BlackElo "2365"]
[WhiteFideId "2245400"]
[BlackFideId "3901807"]
[EventDate "2016.08.14"]

1. e4 c5 2. Nf3 Nc6 3. d4 cxd4 4. Nxd4 g6 5. Nc3 Bg7 6. Be3 Nf6 7. Bc4 O-O 8.
Bb3 a5 9. O-O d6 10. f3 Nxd4 11. Bxd4 Bd7 12. a4 Bc6 13. Qd2 Nd7 14. Kh1 Bxd4
15. Qxd4 Nc5 16. Bd5 Qb6 17. b3 Rfd8 18. f4 e6 19. Bxc6 bxc6 20. f5 Qb4 21. Qe3
exf5 22. exf5 Re8 23. Qf3 gxf5 24. Rad1 d5 25. Qg3+ Qg4 26. Qf2 Ne4 27. Nxe4
Rxe4 28. Qxf5 Qxf5 29. Rxf5 Re2 30. Rdf1 Ra7 31. c3 Re3 32. R5f3 Rxf3 33. Rxf3
Rb7 34. Kg1 Rxb3 35. Kf2 Ra3 36. Ke2 Rxa4 37. Kd3 Rg4 38. g3 Kf8 39. Rf6 Rc4 40.
Rd6 a4 41. Rd8+ Kg7 42. Ra8 h5 43. Ra7 Kg6 44. Ra8 h4 45. Rc8 hxg3 46. hxg3 f5
47. Rf8 Kg5 48. Rg8+ Kf6 49. Rf8+ Ke6 50. Re8+ Kd6 51. Rf8 Rg4 52. Rxf5 Rxg3+
53. Kc2 Rg2+ 54. Kd3 a3 55. Rf4 a2 56. Ra4 Ke5 57. c4 Rg4 58. Kc2 Rxc4+ 59. Rxc4
dxc4 60. Kb2 Kd5 0-1

[Event "81st ch-ESP Rapid 2016"]
[Site "Linares ESP"]
[Date "2016.08.14"]
[Round "1.31"]
[White "Ladron De Guevara Pinto, Paolo"]
[Black "Lianes Garcia, Marcos"]
[Result "1-0"]
[WhiteTitle "FM"]
[WhiteElo "2369"]
[BlackElo "2236"]
[WhiteFideId "2290847"]
[BlackFideId "32060777"]
[EventDate "2016.08.14"]

1. e4 g6 2. d4 Bg7 3. Nc3 c5 4. Nf3 Qa5 5. Bd2 cxd4 6. Nd5 Qd8 7. h4 e6 8. Nf4
h5 9. Nd3 Nc6 10. b4 a6 11. a4 d6 12. b5 Ne5 13. Nfxe5 dxe5 14. Be2 Nf6 15. Bf3
Nd7 16. c4 dxc3 17. Bxc3 axb5 18. axb5 Rxa1 19. Qxa1 O-O 20. Ke2 Qb6 21. Qa5
Qxa5 22. Bxa5 b6 23. Bb4 Rd8 24. Rc1 Bf8 25. Rc7 Nc5 26. Nxe5 Bd7 27. Nc6 Bxc6
28. Rxc6 Nd7 29. Bc3 Bc5 30. e5 Nf8 31. Be4 Ra8 32. f4 Ra2+ 33. Kd3 Kg7 34. Rc7
Rf2 35. g3 Rf1 36. Bc6 Rd1+ 37. Kc4 Rd8 38. Rb7 Kg8 39. Rc7 Kg7 40. Bb7 Kg8 41.
Be4 Kg7 42. Rxc5 bxc5 43. Bc6 Nd7 44. Ba5 Nxe5+ 45. fxe5 Rd4+ 46. Kxc5 Ra4 47.
Bc3 Rg4 48. b6 Rxg3 49. Bb4 1-0

[Event "81st ch-ESP Rapid 2016"]
[Site "Linares ESP"]
[Date "2016.08.14"]
[Round "1.32"]
[White "Gonzalez Santamartina, Jorge"]
[Black "Diaz Velandia, Jose Manuel"]
[Result "0-1"]
[BlackTitle "FM"]
[WhiteElo "2126"]
[BlackElo "2343"]
[WhiteFideId "2201887"]
[BlackFideId "3901939"]
[EventDate "2016.08.14"]

1. c4 c6 2. Nf3 d5 3. b3 e6 4. Bb2 Nf6 5. e3 Be7 6. Nc3 O-O 7. Be2 Nbd7 8. O-O
b6 9. d4 Bb7 10. cxd5 exd5 11. a4 Re8 12. Ba3 c5 13. Rc1 Bf8 14. dxc5 bxc5 15.
Bd3 Rc8 16. Bb2 Qb6 17. Bc2 Red8 18. Ne2 Ba6 19. Re1 Nb8 20. Nf4 Bb7 21. Nd2 Na6
22. Nh5 d4 23. Nxf6+ Qxf6 24. exd4 cxd4 25. Ne4 Qh6 26. Qd2 Qxd2 27. Nxd2 Bb4
28. Nf3 Bxe1 29. Nxe1 Nb4 30. Ba3 Nxc2 31. Nxc2 d3 32. Ne3 Rxc1+ 0-1

[Event "81st ch-ESP Rapid 2016"]
[Site "Linares ESP"]
[Date "2016.08.14"]
[Round "2.1"]
[White "Montoliu Cervero, Francisco"]
[Black "Salgado Lopez, Ivan"]
[Result "0-1"]
[WhiteTitle "FM"]
[BlackTitle "GM"]
[WhiteElo "2346"]
[BlackElo "2651"]
[WhiteFideId "2214814"]
[BlackFideId "2257327"]
[EventDate "2016.08.14"]

1. e4 c6 2. d4 d5 3. Nd2 dxe4 4. Nxe4 Nf6 5. Nxf6+ exf6 6. g3 Bd6 7. Bg2 O-O 8.
Ne2 Bg4 9. O-O Re8 10. Re1 Na6 11. a3 Nc7 12. Qd3 Qd7 13. Bd2 Bf5 14. Qb3 Ne6
15. Be3 Ng5 16. Nf4 Be4 17. Bxe4 Rxe4 18. Kg2 Rae8 19. Rf1 Bxf4 20. Bxf4 Qh3+
21. Kh1 Rxf4 0-1

[Event "81st ch-ESP Rapid 2016"]
[Site "Linares ESP"]
[Date "2016.08.14"]
[Round "2.2"]
[White "Vallejo Pons, Francisco"]
[Black "Blanco Acevedo, Cristobal Jose"]
[Result "1-0"]
[WhiteTitle "GM"]
[BlackTitle "IM"]
[WhiteElo "2713"]
[BlackElo "2346"]
[WhiteFideId "2205530"]
[BlackFideId "3900525"]
[EventDate "2016.08.14"]

1. Nf3 Nf6 2. c4 e6 3. Nc3 d5 4. d4 c6 5. e3 Nbd7 6. Qc2 Bd6 7. b3 O-O 8. Bb2
Qe7 9. Be2 dxc4 10. bxc4 c5 11. O-O e5 12. Ng5 g6 13. Nce4 Bc7 14. Rad1 Ne8 15.
d5 h6 16. Nf3 f5 17. d6 Bxd6 18. Nxd6 Nxd6 19. Rd5 Nf7 20. e4 Nf6 21. Rxe5 Nxe5
22. Nxe5 Kh7 23. f3 Be6 24. Bd3 fxe4 25. Bxe4 Nxe4 26. Qxe4 Bf5 27. Qe3 Rad8 28.
Re1 Rd6 29. Qxc5 Rc8 30. Qf2 Re6 31. g4 Bxg4 32. fxg4 Rxc4 33. Re3 Rc7 34. h4
Rf6 35. Qd2 Rd6 36. Qf2 Rf6 37. Nf3 Qb4 38. Bxf6 Qxg4+ 39. Qg2 1-0

[Event "81st ch-ESP Rapid 2016"]
[Site "Linares ESP"]
[Date "2016.08.14"]
[Round "2.3"]
[White "Meneses Gonzalez, Kevin Moises"]
[Black "Vazquez Igarza, Renier"]
[Result "0-1"]
[WhiteTitle "FM"]
[BlackTitle "GM"]
[WhiteElo "2337"]
[BlackElo "2589"]
[WhiteFideId "2284502"]
[BlackFideId "3503054"]
[EventDate "2016.08.14"]

1. e4 c5 2. Nf3 g6 3. d4 cxd4 4. Nxd4 Nc6 5. c4 Nf6 6. Nc3 d6 7. Be2 Nxd4 8.
Qxd4 Bg7 9. Be3 O-O 10. Qd2 Be6 11. Rc1 Qa5 12. O-O Rfc8 13. b3 a6 14. a4 b5 15.
cxb5 axb5 16. Bxb5 Bxb3 17. f3 h5 18. Bd4 Qb4 19. e5 dxe5 20. Bxe5 Bxa4 21. Bxa4
Rxa4 22. Qe1 Qc5+ 23. Kh1 Rc4 24. Na2 Bh6 25. Rxc4 Qxc4 26. Bxf6 exf6 27. Qb1
Kg7 28. Rd1 h4 29. h3 Bf4 30. Qe4 Qxe4 31. fxe4 Rc4 32. Re1 Bg3 33. Re2 Kf8 34.
Kg1 Ke7 35. Kf1 Ke6 36. Re3 Bf4 37. Re1 Bd6 38. Nc1 Bg3 39. Rd1 Rxe4 40. Nd3 Bd6
41. Nf2 Ra4 42. Ke2 f5 43. Kf3 Ra3+ 44. Rd3 Ra2 45. Re3+ Kf6 46. Nd3 Rd2 47. Nf2
Rxf2+ 0-1

[Event "81st ch-ESP Rapid 2016"]
[Site "Linares ESP"]
[Date "2016.08.14"]
[Round "2.4"]
[White "Ljubojevic, Ljubomir"]
[Black "Pazos Porta, Antonio"]
[Result "1/2-1/2"]
[WhiteTitle "GM"]
[BlackTitle "FM"]
[WhiteElo "2571"]
[BlackElo "2338"]
[WhiteFideId "900010"]
[BlackFideId "2263190"]
[EventDate "2016.08.14"]

1. e4 e6 2. d3 d5 3. Nd2 Nf6 4. Ngf3 Nc6 5. e5 Nd7 6. Qe2 Be7 7. g3 O-O 8. Bh3
Nb4 9. Nb3 c5 10. O-O b6 11. Re1 Ba6 12. a3 Nc6 13. c4 dxc4 14. dxc4 Qc7 15. Bg2
Rad8 16. Bf4 Ndb8 17. Nbd2 Nd4 18. Nxd4 cxd4 19. Be4 Bb7 20. Bd3 a5 21. Qg4 Rfe8
22. h4 Na6 23. Be4 Nc5 24. Bxb7 Qxb7 25. h5 a4 26. Bh6 g6 27. Nf3 d3 28. Rad1
Bf8 29. Bg5 Be7 30. hxg6 fxg6 31. Be3 Rf8 32. Nd4 Qd7 33. Nb5 Rf7 34. f4 Rdf8
35. Kg2 Qc6+ 36. Qf3 Qxf3+ 37. Kxf3 g5 38. Rh1 Kh8 39. Rh6 gxf4 40. gxf4 Bg5 41.
Rf6 Bxf6 42. exf6 Rxf6 43. Bd4 Kg8 44. Bxf6 Rxf6 45. Ke3 Rg6 46. Kd4 Rg2 47. Rb1
Kg7 48. Nd6 h5 49. Nc8 h4 50. Nxb6 Nb3+ 51. Kxd3 h3 52. Nd7 h2 53. Rh1 Rxb2 54.
Kc3 Rf2 55. c5 Rf3+ 56. Kc4 Rxf4+ 57. Kb5 Nd4+ 58. Kxa4 Rh4 59. Ka5 Kf7 60. Kb6
Rh3 61. a4 Ke7 62. Ne5 Rb3+ 63. Kc7 Ra3 64. Rxh2 Rxa4 65. Rh7+ Kf6 66. Nd7+ Kg6
67. Re7 Kf5 68. Rf7+ Ke4 69. Rf1 Rc4 70. Kd6 Rc2 71. Re1+ Kd3 72. Rh1 Ke4 73.
Rh3 Rc1 74. Rh4+ Ke3 75. Rh3+ Kd2 76. Ne5 Nb5+ 77. Kc6 Nd4+ 78. Kb6 Rb1+ 79. Kc7
Rc1 80. Kb6 Rb1+ 81. Ka6 Ra1+ 82. Kb7 Rb1+ 83. Kc7 Rc1 84. c6 Nxc6 85. Nxc6 e5
86. Kd6 e4 87. Nd4 Rc8 88. Nf5 Rf8 89. Rh2+ Kd3 90. Ke5 e3 91. Ng3 e2 92. Rh1
e1=Q+ 93. Rxe1 Re8+ 94. Kd5 Rxe1 95. Nf5 Re8 96. Nd6 Rh8 97. Ke5 Rh5+ 98. Nf5
Ke2 99. Kf4 Kd3 100. Ke5 Rg5 101. Kf4 Rg8 102. Ke5 Rf8 103. Nd6 Kc3 104. Nf5 Kc4
105. Nd6+ Kc5 106. Ke4 1/2-1/2

[Event "81st ch-ESP Rapid 2016"]
[Site "Linares ESP"]
[Date "2016.08.14"]
[Round "2.5"]
[White "Almagro Mazariegos, Sebastian"]
[Black "Munoz, Miguel"]
[Result "0-1"]
[WhiteTitle "FM"]
[BlackTitle "GM"]
[WhiteElo "2303"]
[BlackElo "2451"]
[WhiteFideId "2221640"]
[BlackFideId "3800229"]
[EventDate "2016.08.14"]

1. e4 d5 2. exd5 Qxd5 3. Nc3 Qa5 4. Bc4 Nf6 5. Nf3 Bg4 6. h3 Bh5 7. d3 Nc6 8. g4
Bg6 9. Bd2 Qc5 10. a3 e5 11. Qe2 O-O-O 12. O-O-O a6 13. Rhe1 Bd6 14. Nh4 Nd4 15.
Qe3 Rd7 16. Nxg6 hxg6 17. g5 Nh5 18. Qe4 Rhd8 19. Bxa6 Qa7 20. Bc4 Bxa3 21. Nb5
Nxb5 22. Bxb5 c6 23. Bc4 Bc5 24. Kb1 Bxf2 25. Qxe5 Bd4 26. Qe4 Ng3 27. Qg4 Nf5
28. c3 Bf2 29. Re5 b5 30. Bb3 Rxd3 31. Rxf5 gxf5 32. Qxf5+ Qd7 33. Qxf2 Rxd2 34.
Rxd2 Qxd2 35. Qxf7 Kb8 36. Qxg7 Rd7 37. Qe5+ Kb7 38. g6 Qd3+ 39. Bc2 Qf1+ 40.
Ka2 Qf2 41. Be4 Kb6 42. g7 Qf7+ 43. Kb1 Qxg7 44. Qb8+ Kc5 45. Qf4 Qg1+ 46. Ka2
Ra7+ 47. Kb3 Qd1+ 0-1

[Event "81st ch-ESP Rapid 2016"]
[Site "Linares ESP"]
[Date "2016.08.14"]
[Round "2.6"]
[White "Anton Guijarro, David"]
[Black "Tejedor Fuente, Enrique"]
[Result "1-0"]
[WhiteTitle "GM"]
[BlackTitle "FM"]
[WhiteElo "2627"]
[BlackElo "2377"]
[WhiteFideId "2285525"]
[BlackFideId "2299100"]
[EventDate "2016.08.14"]

1. Nf3 d5 2. b3 c6 3. Bb2 h6 4. g3 Bf5 5. Bg2 Nd7 6. O-O Ngf6 7. d3 e6 8. Nbd2
Bh7 9. Re1 Be7 10. e4 O-O 11. Qe2 a5 12. a4 Nc5 13. e5 Nfd7 14. Nd4 Qb6 15. Kh1
Rae8 16. f4 f6 17. N4f3 Bd8 18. Bd4 Qc7 19. Qe3 Na6 20. Qe2 Nb4 21. Nf1 Kh8 22.
Ne3 f5 23. Bb2 Rg8 24. Ba3 Be7 25. c3 Na6 26. Bxe7 Rxe7 27. Nd4 Qb6 28. Reb1 Nc7
29. Nec2 Qa7 30. b4 axb4 31. cxb4 c5 32. bxc5 Nxc5 33. a5 Rc8 34. Qd2 Bg6 35.
Bf3 Be8 36. g4 fxg4 37. Bxg4 Bd7 38. Rg1 Rf8 39. Rg3 Ref7 40. Rf1 b6 41. Bh5 Re7
42. Rfg1 Qxa5 43. Qg2 Rg8 44. Rg6 Qa8 45. Qh3 Qf8 46. R6g4 Nb5 47. Bg6 Nxd4 48.
Nxd4 Be8 49. Bxe8 Qxe8 50. f5 exf5 51. Rg6 Qf7 52. Nxf5 Ne6 53. Nxe7 Nf4 54.
Rxh6+ 1-0

[Event "81st ch-ESP Rapid 2016"]
[Site "Linares ESP"]
[Date "2016.08.14"]
[Round "2.7"]
[White "Lopez Gonzalez, Daniel"]
[Black "Arizmendi Martinez, Julen Luis"]
[Result "0-1"]
[BlackTitle "GM"]
[WhiteElo "2279"]
[BlackElo "2496"]
[WhiteFideId "2231948"]
[BlackFideId "2205092"]
[EventDate "2016.08.14"]

1. d4 Nf6 2. c4 e6 3. Nc3 Bb4 4. e3 d5 5. Nf3 O-O 6. Bd3 c5 7. O-O Nc6 8. a3 Ba5
9. cxd5 exd5 10. dxc5 Bxc3 11. bxc3 Bg4 12. Be2 Qa5 13. Rb1 Ne4 14. Rb5 Nxc3 15.
Rxa5 Nxd1 16. Rb5 Nc3 17. Rb2 Nxe2+ 18. Rxe2 Ne5 19. Rb2 Nxf3+ 20. gxf3 Bxf3 21.
Rxb7 Rfc8 22. Bb2 d4 23. Rd7 d3 24. Rc1 Rd8 0-1

[Event "81st ch-ESP Rapid 2016"]
[Site "Linares ESP"]
[Date "2016.08.14"]
[Round "2.8"]
[White "Ibarra Jerez, Jose Carlos"]
[Black "Jimenez Martinez, Jose Vicente"]
[Result "1-0"]
[WhiteTitle "GM"]
[BlackTitle "FM"]
[WhiteElo "2563"]
[BlackElo "2329"]
[WhiteFideId "2226332"]
[BlackFideId "2264021"]
[EventDate "2016.08.14"]

1. e4 d6 2. d4 g6 3. Bc4 Bg7 4. Nf3 Nf6 5. Qe2 Nc6 6. e5 Nd7 7. Bxf7+ Kxf7 8.
Ng5+ Ke8 9. Ne6 Nxd4 10. Nxg7+ Kf7 11. Qc4+ Kxg7 12. Qxd4 dxe5 13. Qc3 Nf6 14.
Qxe5 Qd6 15. Qc3 Bd7 16. O-O Bc6 17. Nd2 Rad8 18. b3 Qd4 19. Qxd4 Rxd4 20. Re1
Kf7 21. Nc4 Re4 22. Ba3 Bd5 23. f3 Rxe1+ 24. Rxe1 Re8 25. Ne5+ Kg7 26. c4 Bg8
27. g4 Rd8 28. Re2 e6 29. Kf2 h6 30. h4 Kh7 31. Be7 1-0

[Event "81st ch-ESP Rapid 2016"]
[Site "Linares ESP"]
[Date "2016.08.14"]
[Round "2.9"]
[White "Vega Gomez, Francisco B."]
[Black "Del Rio De Angelis, Salvador G."]
[Result "0-1"]
[BlackTitle "GM"]
[WhiteElo "2257"]
[BlackElo "2522"]
[WhiteFideId "2268086"]
[BlackFideId "2203138"]
[EventDate "2016.08.14"]

1. Nf3 d5 2. d4 e6 3. c4 c6 4. e3 f5 5. Bd3 Bd6 6. b3 Nf6 7. O-O Qe7 8. Bb2 O-O
9. Qc1 b6 10. Ba3 Bb7 11. Bxd6 Qxd6 12. Qa3 c5 13. Ne5 Na6 14. Nd2 Nb4 15. Bb1
f4 16. Qb2 fxe3 17. fxe3 cxd4 18. Qxd4 Nd7 19. Ndf3 Nxe5 20. Qxe5 Qxe5 21. Nxe5
dxc4 22. Nxc4 Rxf1+ 23. Kxf1 Rf8+ 24. Kg1 Rd8 25. Kf2 b5 26. a3 Nd3+ 27. Bxd3
Rxd3 28. Na5 Rd2+ 29. Ke1 Rxg2 30. Rd1 Rg1+ 31. Kd2 Rxd1+ 32. Kxd1 Bd5 33. Kd2
Kf7 34. Kc3 g5 35. Kd4 Kf6 36. e4 Ba8 37. b4 g4 38. Nb3 h5 39. Nd2 h4 40. Nf1
Bb7 41. Ke3 Ke5 42. Nd2 a6 43. h3 gxh3 44. Nf3+ Kf6 45. Kf4 Kg7 46. Nh2 Kg6 47.
Nf3 Kh5 48. Nh2 e5+ 49. Kf5 Bc8+ 50. Kxe5 Kg5 51. Kd6 Kf4 52. e5 Kg3 53. e6 Bxe6
54. Nf3 Bc8 55. Nh2 Bd7 56. Ke7 Bc6 57. Nf3 Bb7 58. Ng1 0-1

[Event "81st ch-ESP Rapid 2016"]
[Site "Linares ESP"]
[Date "2016.08.14"]
[Round "2.10"]
[White "Andres Gonzalez, Alberto"]
[Black "Vega Gutierrez, Sabrina"]
[Result "0-1"]
[WhiteTitle "IM"]
[BlackTitle "IM"]
[WhiteElo "2512"]
[BlackElo "2408"]
[WhiteFideId "2212595"]
[BlackFideId "2219026"]
[EventDate "2016.08.14"]

1. c4 e5 2. g3 d6 3. Bg2 f5 4. Nc3 Nf6 5. d3 Be7 6. Nf3 O-O 7. O-O Kh8 8. c5 Nc6
9. cxd6 cxd6 10. Bg5 Be6 11. Rc1 Nd5 12. Bxe7 Ncxe7 13. Nd2 Nxc3 14. bxc3 Bd5
15. e4 Bc6 16. exf5 Bxg2 17. Kxg2 Nxf5 18. Qb3 Qd7 19. Qd5 Rac8 20. Ne4 Rc6 21.
Rb1 b6 22. Rbe1 Ne7 23. Qb3 d5 24. Nd2 Rh6 25. h4 Rxh4 26. Rh1 Rxh1 27. Rxh1 Qf5
28. Rf1 Qxd3 29. Qb4 Ng6 30. c4 a5 31. Qb2 dxc4 32. Rc1 Qe2 33. Rf1 Nf4+ 34.
gxf4 Qg4+ 35. Kh1 Rf6 0-1

[Event "81st ch-ESP Rapid 2016"]
[Site "Linares ESP"]
[Date "2016.08.14"]
[Round "2.11"]
[White "Silva Rodriguez, Fernando"]
[Black "Matamoros Franco, Carlos S."]
[Result "0-1"]
[BlackTitle "GM"]
[WhiteElo "2255"]
[BlackElo "2488"]
[WhiteFideId "2215268"]
[BlackFideId "3600017"]
[EventDate "2016.08.14"]

1. d4 Nf6 2. c4 g6 3. Nc3 Bg7 4. e4 d6 5. Nf3 O-O 6. h3 e5 7. d5 a5 8. g4 Na6 9.
Be3 Nd7 10. a3 Nb6 11. Rg1 Bd7 12. Qc2 Nc5 13. Be2 c6 14. h4 cxd5 15. cxd5 Rc8
16. h5 Nba4 17. Nd2 Qc7 18. Rc1 Qb8 19. Qb1 b5 20. b3 Nxc3 21. Rxc3 Rc7 22. Kf1
Kh8 23. Kg2 Qc8 24. Kh2 gxh5 25. g5 f5 26. gxf6 Rxf6 27. Qc1 b4 28. axb4 axb4
29. Rc2 Qf8 30. f3 Bh6 31. Nc4 Nxb3 32. Bxh6 Rxh6 33. Qe3 Nd4 34. Ra2 Rg6 35.
Rxg6 hxg6 36. Rb2 b3 37. Nd2 Rc2 38. Rxc2 0-1

[Event "81st ch-ESP Rapid 2016"]
[Site "Linares ESP"]
[Date "2016.08.14"]
[Round "2.12"]
[White "Alonso Rosell, Alvar"]
[Black "Aranaz Murillo, Amalia"]
[Result "1-0"]
[WhiteTitle "GM"]
[BlackTitle "WIM"]
[WhiteElo "2524"]
[BlackElo "2269"]
[WhiteFideId "2270544"]
[BlackFideId "22200371"]
[EventDate "2016.08.14"]

1. d4 c5 2. d5 Nf6 3. Nc3 g6 4. e4 d6 5. h3 Bg7 6. Nf3 O-O 7. Be2 b5 8. Nxb5
Nxe4 9. O-O Ba6 10. a4 Nd7 11. Nbd4 Bb7 12. Nb5 Ba6 13. Nd2 Nef6 14. Nc4 Nb6 15.
Ne3 Bb7 16. c4 Ba6 17. Re1 Bxb5 18. axb5 a6 19. bxa6 Qc8 20. Qc2 Rxa6 21. Rxa6
Qxa6 22. b4 Nfd7 23. b5 Qa4 24. Qe4 Re8 25. h4 Qa8 26. Qd3 Ne5 27. Qc2 Qa4 28.
Qxa4 Nxa4 29. f4 Nd7 30. Bg4 f5 31. Bd1 Nab6 32. h5 Bd4 33. Bb3 Nf6 34. hxg6
hxg6 35. Kf1 Kf7 36. Nc2 Ne4 37. Nxd4 cxd4 38. Bb2 d3 39. Rd1 Nc5 40. Bd4 Nbd7
41. Ba2 Ra8 42. Bb1 Ra3 43. Kf2 Ne4+ 44. Ke3 d2+ 45. Ke2 Nc3+ 46. Bxc3 Rxc3 47.
Bd3 Nc5 48. Rxd2 Ke8 49. Ke3 Ra3 50. Rd1 Kd7 51. Kd4 Nb3+ 52. Ke3 Nc5 53. Ke2
Rc3 54. Bb1 Rxc4 55. Ke3 Rb4 56. g4 Ne4 57. Bd3 Rb3 58. Rb1 Rxb1 59. Bxb1 Nc3
60. gxf5 gxf5 61. Bxf5+ Ke8 62. Bc2 Nxd5+ 63. Ke4 Nb6 64. Bb3 Kd7 65. Kf5 Nc8
66. Be6+ Kc7 67. Bxc8 Kxc8 68. Ke6 Kc7 69. f5 1-0

[Event "81st ch-ESP Rapid 2016"]
[Site "Linares ESP"]
[Date "2016.08.14"]
[Round "2.13"]
[White "Iglesias Leon, Francisco J."]
[Black "Asis Gargatagli, Hipolito"]
[Result "0-1"]
[BlackTitle "IM"]
[WhiteElo "2169"]
[BlackElo "2487"]
[WhiteFideId "2212544"]
[BlackFideId "2260735"]
[EventDate "2016.08.14"]

1. b3 e5 2. Bb2 Nc6 3. Nf3 e4 4. Nd4 Nf6 5. e3 Bc5 6. Nxc6 dxc6 7. d4 exd3 8.
Bxd3 Qe7 9. O-O Be6 10. c4 O-O-O 11. Qc2 h5 12. Nc3 Kb8 13. Rad1 Bd6 14. Ne4
Bxh2+ 15. Kxh2 Ng4+ 16. Kg3 f5 17. Kf3 fxe4+ 18. Bxe4 Rxd1 19. Qxd1 Nh2+ 20. Ke2
Nxf1 21. Kxf1 Bxc4+ 22. bxc4 Qxe4 23. Bxg7 Rg8 24. Qd4 Qg6 25. Be5 Qxg2+ 26. Ke2
Qg4+ 27. Qxg4 hxg4 28. Bg3 Rf8 29. Kd3 Kc8 30. Kd4 Kd7 31. Ke5 b5 32. c5 a5 33.
e4 Rf3 34. Kd4 a4 0-1

[Event "81st ch-ESP Rapid 2016"]
[Site "Linares ESP"]
[Date "2016.08.14"]
[Round "2.14"]
[White "Forcen Esteban, Daniel"]
[Black "Navarrete Espi, Samuel"]
[Result "1-0"]
[WhiteTitle "GM"]
[BlackTitle "FM"]
[WhiteElo "2561"]
[BlackElo "2227"]
[WhiteFideId "2288230"]
[BlackFideId "2237725"]
[EventDate "2016.08.14"]

1. c4 Nf6 2. Nf3 g6 3. g3 Bg7 4. Bg2 O-O 5. O-O d6 6. Nc3 e5 7. d3 Nc6 8. Rb1 a5
9. a3 Nd4 10. Nd2 c6 11. e3 Ne6 12. Nf3 Nc5 13. b4 axb4 14. axb4 Nxd3 15. Qxd3
e4 16. Nxe4 Nxe4 17. Bb2 Bf5 18. Bxg7 Nxg3 19. Qd1 Nxf1 20. Bxf8 Nxe3 21. fxe3
Bxb1 22. Bxd6 Qf6 23. Be5 Qf5 24. Qd4 Qe4 25. b5 cxb5 26. cxb5 Rc8 27. Ne1 Rc7
28. b6 Re7 29. Kf2 Bd3 30. Nxd3 Re6 31. Bf6 Qf3+ 32. Kxf3 Re7 1-0